[Event "VIII Lorca Open-A 2019"]
[Site "Lorca"]
[Date "2019.12.28"]
[Round "5.4"]
[White "Krysa, Leandro"]
[Black "Villanueva, Mario"]
[Result "1/2-1/2"]
[WhiteElo "2527"]
[BlackElo "2486"]
[Annotator "ChessBase"]
[PlyCount "37"]
[EventDate "2019.12.26"]
[EventType "swiss"]
[EventCountry "ESP"]
[SourceTitle "playchess.com"]
[Source "ChessBase"]
[SourceQuality "1"]
[TimeControl "5400+30"]

1. c4 {[%emt 1:30:30]} b6 {[%emt 1:30:30]} 2. Nf3 {[%emt 0:00:30]} Bb7 {[%emt 0:00:30]} 3. g3 {[%emt 0:00:30]} Nf6 {[%emt 0:00:30]} 4. Bg2 {[%emt 0:00:30]} c5 {[%emt 0:00:30]} 5. O-O {[%emt 0:00:30]} g6 {[%emt 0:00:30]} 6. d4 {[%emt 0:00:30]} cxd4 {[%emt 0:00:30]} 7. Qxd4 {[%emt 0:00:30]} Bg7 {[%emt 0:00:30]} 8. Nc3 {[%emt 0:00:30]} d6 {[%emt 0:00:30]} 9. b3 {[%emt 0:00:30]} Nbd7 {[%emt 0:00:30]} 10. Bb2 {[%emt 0:00:30]} O-O {[%emt 0:00:30]} 11. Rfd1 {[%emt 0:00:30]} a6 {[%emt 0:00:30]} 12. Qe3 {[%emt 0:00:30]} Nc5 {[%emt 0:00:30]} 13. Nd4 {[%emt 0:00:30]} Bxg2 {[%emt 0:00:30]} 14. Kxg2 {[%emt 0:00:30]} e6 {[%emt 0:00:30]} 15. Qf3 {[%emt 0:00:30]} Qc7 {[%emt 0:00:30]} 16. Rac1 {[%emt 0:00:30]} Rac8 {[%emt 0:00:30]} 17. h3 {[%emt 0:00:30]} Rfd8 {[%emt 0:00:30]} 18. Kh2 {[%emt 0:00:30]} h5 {[%emt 0:00:30]} 19. Kg1 {[%emt 0:00:30]} 1/2-1/2

[Event "VIII Lorca Open-A 2019"]
[Site "Lorca"]
[Date "2019.12.28"]
[Round "5.5"]
[White "Low, Zhen Yu Cyrus"]
[Black "Bjerre, Jonas Buhl"]
[Result "1-0"]
[WhiteElo "2420"]
[BlackElo "2526"]
[Annotator "ChessBase"]
[PlyCount "99"]
[EventDate "2019.12.26"]
[EventType "swiss"]
[EventCountry "ESP"]
[SourceTitle "playchess.com"]
[Source "ChessBase"]
[SourceQuality "1"]
[TimeControl "5400+30"]

1. e4 {[%emt 0:00:00]} c5 {[%emt 0:00:00]} 2. Nf3 {[%emt 0:00:00]} d6 {[%emt 0:00:00]} 3. d4 {[%emt 0:00:00]} cxd4 {[%emt 0:00:00]} 4. Nxd4 {[%emt 0:00:03]} Nf6 {[%emt 0:00:02]} 5. Nc3 {[%emt 0:00:11]} a6 {[%emt 0:00:04]} 6. Bg5 {[%emt 0:00:05]} Nbd7 {[%emt 0:00:36]} 7. Bc4 {[%emt 0:00:07]} Qb6 {[%emt 0:01:03]} 8. O-O {[%emt 0:00:14]} e6 {[%emt 0:00:28]} 9. Qd2 {[%emt 0:00:47]} Be7 {[%emt 0:01:42]} 10. Be3 {[%emt 0:00:55]} Nc5 {[%emt 0:00:45]} 11. Nb3 {[%emt 0:00:09]} Qc6 {[%emt 0:01:50]} 12. Nxc5 {[%emt 0:00:31]} dxc5 {[%emt 0:00:14]} 13. Be2 {[%emt 0:00:08]} O-O {[%emt 0:14:54]} 14. e5 {[%emt 0:00:41]} Ne4 {[%emt 0:10:22]} 15. Nxe4 {[%emt 0:00:33]} Qxe4 {[%emt 0:00:05]} 16. f4 {[%emt 0:00:20]} Rd8 {[%emt 0:05:36]} 17. Bf3 {[%emt 0:00:22]} Rxd2 {[%emt 0:10:43]} 18. Bxe4 {[%emt 0:00:12]} Re2 {[%emt 0:01:54]} 19. Rf3 {[%emt 0:07:12]} Bd7 {[%emt 0:04:26]} 20. Bd3 {[%emt 0:02:20]} Rxe3 {[%emt 0:02:27]} 21. Rxe3 {[%emt 0:00:11]} c4 {[%emt 0:00:08]} 22. Bxc4 {[%emt 0:00:20]} Bc5 {[%emt 0:00:06]} 23. Kf2 {[%emt 0:00:51]} Bc6 {[%emt 0:03:44]} 24. g3 {[%emt 0:02:36]} Rd8 {[%emt 0:02:57]} 25. Ke2 {[%emt 0:04:10]} Bxe3 {[%emt 0:00:45]} 26. Kxe3 {[%emt 0:00:08]} Kf8 {[%emt 0:00:55]} 27. Bd3 {[%emt 0:13:05]} Ke7 {[%emt 0:03:42]} 28. b4 {[%emt 0:00:39]} Ba4 {[%emt 0:07:00]} 29. c4 {[%emt 0:00:35]} Kd7 {[%emt 0:02:04]} 30. Rf1 {[%emt 0:02:05]} g6 {[%emt 0:04:00]} 31. g4 {[%emt 0:01:15]} Ke7 {[%emt 0:02:28]} 32. f5 {[%emt 0:02:54]} exf5 {[%emt 0:01:44]} 33. gxf5 {[%emt 0:00:07]} Bd7 {[%emt 0:00:43]} 34. e6 {[%emt 0:05:22]} Be8 {[%emt 0:03:11]} 35. exf7 {[%emt 0:03:53]} Bxf7 {[%emt 0:00:07]} 36. f6+ {[%emt 0:02:23]} Kd6 {[%emt 0:00:39]} 37. Ke4 {[%emt 0:03:08]} b6 {[%emt 0:02:49]} 38. a3 {[%emt 0:09:06]} Kc6 {[%emt 0:01:44]} 39. Rf2 {[%emt 0:01:51]} Rd6 {[%emt 0:01:35]} 40. Bf1 {[%emt 0:01:18]} Re6+ {[%emt 0:01:24]} 41. Kd4 {[%emt 0:00:07]} Rd6+ {[%emt 0:02:11]} 42. Kc3 {[%emt 0:00:12]} Kd7 {[%emt 0:04:09]} 43. Bg2 {[%emt 0:04:59]} Ke8 {[%emt 0:01:16]} 44. c5 {[%emt 0:00:37]} bxc5 {[%emt 0:00:06]} 45. bxc5 {[%emt 0:00:04]} Rd1 {[%emt 0:00:31]} 46. Rf1 {[%emt 0:01:55]} Rd8 {[%emt 0:02:19]} 47. Re1+ {[%emt 0:00:09]} Kf8 {[%emt 0:00:13]} 48. c6 {[%emt 0:00:35]} Be8 {[%emt 0:01:56]} 49. c7 {[%emt 0:00:42]} Rc8 {[%emt 0:00:16]} 50. Re7 {[%emt 0:00:06]} 1-0

[Event "VIII Lorca Open-A 2019"]
[Site "Lorca"]
[Date "2019.12.28"]
[Round "5.6"]
[White "Maiorov, Nikita"]
[Black "Merario Alarcon, Andres"]
[Result "0-1"]
[WhiteElo "2523"]
[BlackElo "2417"]
[Annotator "ChessBase"]
[PlyCount "131"]
[EventDate "2019.12.26"]
[EventType "swiss"]
[EventCountry "ESP"]
[SourceTitle "playchess.com"]
[Source "ChessBase"]
[SourceQuality "1"]
[TimeControl "5400+30"]

1. d4 {[%emt 1:30:30]} Nf6 {[%emt 1:30:30]} 2. c4 {[%emt 0:00:30]} e6 {[%emt 0:00:30]} 3. Nc3 {[%emt 0:00:30]} Bb4 {[%emt 0:00:30]} 4. e3 {[%emt 0:00:30]} O-O {[%emt 0:00:30]} 5. Nge2 {[%emt 0:00:30]} Re8 {[%emt 0:00:30]} 6. a3 {[%emt 0:00:30]} Bf8 {[%emt 0:00:30]} 7. Ng3 {[%emt 0:00:30]} d5 {[%emt 0:00:30]} 8. cxd5 {[%emt 0:00:30]} exd5 {[%emt 0:00:30]} 9. Be2 {[%emt 0:00:30]} b6 {[%emt 0:00:30]} 10. b4 {[%emt 0:00:30]} c5 {[%emt 0:00:30]} 11. bxc5 {[%emt 0:00:30]} bxc5 {[%emt 0:00:30]} 12. dxc5 {[%emt 0:00:30]} Qa5 {[%emt 0:00:30]} 13. Bd2 {[%emt 0:00:30]} Qxc5 {[%emt 0:00:30]} 14. O-O {[%emt 0:00:30]} Ba6 {[%emt 0:00:30]} 15. Bxa6 {[%emt 0:00:30]} Nxa6 {[%emt 0:00:30]} 16. Qa4 {[%emt 0:00:30]} Qc8 {[%emt 0:00:30]} 17. Nce2 {[%emt 0:00:30]} Nc5 {[%emt 0:00:30]} 18. Qd1 {[%emt 0:00:30]} Qa6 {[%emt 0:00:30]} 19. Bb4 {[%emt 0:00:30]} Rad8 {[%emt 0:00:30]} 20. Nd4 {[%emt 0:00:30]} Nce4 {[%emt 0:00:30]} 21. Nge2 {[%emt 0:00:30]} Rc8 {[%emt 0:00:30]} 22. Nf4 {[%emt 0:00:30]} g6 {[%emt 0:00:30]} 23. Qd3 {[%emt 0:00:30]} Qc4 {[%emt 0:00:30]} 24. Qb1 {[%emt 0:00:30]} Bh6 {[%emt 0:00:30]} 25. Rc1 {[%emt 0:00:30]} Qa6 {[%emt 0:00:30]} 26. Qb2 {[%emt 0:00:30]} Bxf4 {[%emt 0:00:30]} 27. exf4 {[%emt 0:00:30]} Rxc1+ {[%emt 0:00:30]} 28. Rxc1 {[%emt 0:00:30]} Qd3 {[%emt 0:00:30]} 29. Nc6 {[%emt 0:00:30]} h5 {[%emt 0:00:30]} 30. h3 {[%emt 0:00:30]} h4 {[%emt 0:00:30]} 31. Ne5 {[%emt 0:00:30]} Qb5 {[%emt 0:00:30]} 32. Qd4 {[%emt 0:00:30]} Qb7 {[%emt 0:00:30]} 33. Nc6 {[%emt 0:00:30]} a5 {[%emt 0:00:30]} 34. Bxa5 {[%emt 0:00:30]} Nh5 {[%emt 0:00:30]} 35. Bd2 {[%emt 0:00:30]} Qb5 {[%emt 0:00:30]} 36. Be3 {[%emt 0:00:30]} Ng7 {[%emt 0:00:30]} 37. Qb4 {[%emt 0:00:30]} Qd3 {[%emt 0:00:30]} 38. Ne5 {[%emt 0:00:30]} Qa6 {[%emt 0:00:30]} 39. Qb3 {[%emt 0:00:30]} Qa8 {[%emt 0:00:30]} 40. Ng4 {[%emt 0:00:30]} Nf5 {[%emt 0:00:30]} 41. f3 {[%emt 0:00:30]} Rb8 {[%emt 0:00:30]} 42. Qd3 {[%emt 0:00:30]} Neg3 {[%emt 0:00:30]} 43. Kh2 {[%emt 0:00:30]} Rc8 {[%emt 0:00:30]} 44. Re1 {[%emt 0:00:30]} Qc6 {[%emt 0:00:30]} 45. Bd4 {[%emt 0:00:30]} Qc4 {[%emt 0:00:30]} 46. Nf6+ {[%emt 0:00:30]} Kf8 {[%emt 0:00:30]} 47. Qxc4 {[%emt 0:00:30]} dxc4 48. Bc3 {[%emt 0:00:30]} Ne3 {[%emt 0:01:00]} 49. Kg1 {[%emt 0:00:30]} Ngf5 {[%emt 0:00:30]} 50. Kf2 {[%emt 0:00:30]} Rd8 {[%emt 0:00:30]} 51. Bb4+ {[%emt 0:00:30]} Kg7 {[%emt 0:00:30]} 52. Ne4 {[%emt 0:00:30]} Rd3 {[%emt 0:00:30]} 53. Bc3+ {[%emt 0:00:30]} Kh6 {[%emt 0:00:30]} 54. Bd2 {[%emt 0:00:30]} Nd5 {[%emt 0:00:30]} 55. Bc1 {[%emt 0:00:30]} f6 {[%emt 0:00:30]} 56. a4 {[%emt 0:00:30]} c3 {[%emt 0:00:30]} 57. a5 {[%emt 0:00:30]} Rd4 {[%emt 0:00:30]} 58. Nc5 {[%emt 0:00:30]} Rc4 {[%emt 0:00:30]} 59. Ba3 {[%emt 0:00:30]} Nd4 {[%emt 0:00:30]} 60. Nd7 {[%emt 0:00:30]} Ra4 {[%emt 0:00:30]} 61. Bf8+ {[%emt 0:00:30]} Kh7 {[%emt 0:00:30]} 62. Bc5 {[%emt 0:00:30]} Ra2+ {[%emt 0:00:30]} 63. Kf1 {[%emt 0:00:30]} Nf5 {[%emt 0:00:30]} 64. Nb6 {[%emt 0:00:30]} Nxf4 {[%emt 0:00:30]} 65. Bf2 {[%emt 0:00:30]} Nd3 {[%emt 0:00:30]} 66. Rb1 {[%emt 0:00:30]} 0-1

[Event "VIII Lorca Open-A 2019"]
[Site "Lorca"]
[Date "2019.12.28"]
[Round "5.7"]
[White "Narciso Dublan, Marc"]
[Black "Peng, Li Min"]
[Result "1-0"]
[WhiteElo "2516"]
[BlackElo "2451"]
[Annotator "ChessBase"]
[PlyCount "105"]
[EventDate "2019.12.26"]
[EventType "swiss"]
[EventCountry "ESP"]
[SourceTitle "playchess.com"]
[Source "ChessBase"]
[SourceQuality "1"]
[TimeControl "5400+30"]

1. c4 {[%emt 0:02:43]} g6 {[%emt 0:01:08]} 2. d4 {[%emt 0:00:18]} Bg7 {[%emt 0:00:17]} 3. e4 {[%emt 0:00:15]} d6 {[%emt 0:00:12]} 4. Nc3 {[%emt 0:00:19]} e5 {[%emt 0:00:08]} 5. Nge2 {[%emt 0:04:14]} Ne7 {[%emt 0:01:40]} 6. dxe5 {[%emt 0:04:21]} dxe5 {[%emt 0:00:20]} 7. Qxd8+ {[%emt 0:00:07]} Kxd8 {[%emt 0:00:04]} 8. Bg5 {[%emt 0:00:11]} c6 {[%emt 0:00:15]} 9. Rd1+ {[%emt 0:01:18]} Ke8 {[%emt 0:00:33]} 10. Nc1 {[%emt 0:01:26]} Be6 {[%emt 0:00:19]} 11. b4 {[%emt 0:04:34]} f5 {[%emt 0:04:44]} 12. exf5 {[%emt 0:03:53]} gxf5 {[%emt 0:01:18]} 13. Nb3 {[%emt 0:02:07]} Nd7 {[%emt 0:04:32]} 14. Be2 {[%emt 0:20:21]} Kf7 {[%emt 0:13:40]} 15. Na5 {[%emt 0:06:22]} Rab8 {[%emt 0:02:42]} 16. O-O {[%emt 0:04:28]} Rhc8 {[%emt 0:12:03]} 17. c5 {[%emt 0:10:34]} e4 {[%emt 0:04:22]} 18. Bh5+ {[%emt 0:03:50]} Ng6 {[%emt 0:02:48]} 19. Ne2 {[%emt 0:01:18]} Nf6 {[%emt 0:04:43]} 20. Bxg6+ {[%emt 0:00:45]} hxg6 {[%emt 0:00:30]} 21. Bf4 {[%emt 0:00:08]} b6 {[%emt 0:00:04]} 22. Nxc6 {[%emt 0:02:10]} Rxc6 {[%emt 0:00:04]} 23. Bxb8 {[%emt 0:00:13]} bxc5 {[%emt 0:00:23]} 24. bxc5 {[%emt 0:02:27]} Rxc5 {[%emt 0:03:54]} 25. Bxa7 {[%emt 0:02:03]} Ra5 {[%emt 0:01:33]} 26. Bd4 {[%emt 0:00:30]} Rxa2 {[%emt 0:02:48]} 27. Nc3 {[%emt 0:00:25]} Ra6 {[%emt 0:04:46]} 28. Ra1 {[%emt 0:00:55]} Rc6 {[%emt 0:00:01]} 29. Ra7+ {[%emt 0:01:36]} Nd7 {[%emt 0:00:51]} 30. Bxg7 {[%emt 0:02:14]} Kxg7 {[%emt 0:00:04]} 31. Nb5 {[%emt 0:00:32]} Kf6 {[%emt 0:01:03]} 32. Nd4 {[%emt 0:02:46]} Rd6 {[%emt 0:00:01]} 33. Nxe6 {[%emt 0:00:18]} Kxe6 {[%emt 0:00:03]} 34. Rfa1 {[%emt 0:02:11]} Nc5 {[%emt 0:01:56]} 35. h4 {[%emt 0:02:21]} Ke5 {[%emt 0:00:01]} 36. R7a5 {[%emt 0:02:40]} Kd4 {[%emt 0:00:01]} 37. g3 {[%emt 0:02:30]} Rb6 {[%emt 0:03:15]} 38. Rd1+ {[%emt 0:04:38]} Nd3 {[%emt 0:00:01]} 39. h5 {[%emt 0:00:10]} gxh5 {[%emt 0:00:13]} 40. Rxf5 {[%emt 0:00:11]} e3 {[%emt 0:01:33]} 41. fxe3+ {[%emt 0:02:35]} Kxe3 {[%emt 0:08:12]} 42. Rxh5 {[%emt 0:00:12]} Rg6 {[%emt 0:00:02]} 43. Kh2 {[%emt 0:00:28]} Nf2 {[%emt 0:09:21]} 44. Re1+ {[%emt 0:00:39]} Kd4 {[%emt 0:00:01]} 45. Rh8 {[%emt 0:01:41]} Rd6 {[%emt 0:03:44]} 46. Rh4+ {[%emt 0:01:43]} Kc3 {[%emt 0:00:17]} 47. Kg2 {[%emt 0:01:07]} Nd3 {[%emt 0:00:38]} 48. Re2 {[%emt 0:00:24]} Rg6 {[%emt 0:00:46]} 49. Rhe4 {[%emt 0:00:19]} Nc5 {[%emt 0:00:28]} 50. Re8 {[%emt 0:00:50]} Rd6 {[%emt 0:05:22]} 51. g4 {[%emt 0:00:28]} Kd3 {[%emt 0:01:40]} 52. Kg3 {[%emt 0:00:30]} Nd7 {[%emt 0:03:34]} 53. R2e6 {[%emt 0:00:25]} 1-0

[Event "VIII Lorca Open-A 2019"]
[Site "Lorca"]
[Date "2019.12.28"]
[Round "5.8"]
[White "Sadzikowski, Daniel"]
[Black "Matta, Vinay Kumar"]
[Result "1-0"]
[WhiteElo "2504"]
[BlackElo "2300"]
[Annotator "ChessBase"]
[PlyCount "93"]
[EventDate "2019.12.26"]
[EventType "swiss"]
[EventCountry "ESP"]
[SourceTitle "playchess.com"]
[Source "ChessBase"]
[SourceQuality "1"]
[TimeControl "5400+30"]

1. d4 {[%emt 0:00:00]} Nf6 {[%emt 0:01:02]} 2. c4 {[%emt 0:00:00]} g6 {[%emt 0:00:03]} 3. Nf3 {[%emt 0:00:20]} Bg7 {[%emt 0:00:08]} 4. g3 {[%emt 0:00:06]} O-O {[%emt 0:00:04]} 5. Bg2 {[%emt 0:00:07]} Nc6 {[%emt 0:00:18]} 6. O-O {[%emt 0:00:35]} d6 {[%emt 0:00:06]} 7. Nc3 {[%emt 0:00:13]} a6 {[%emt 0:00:03]} 8. b3 {[%emt 0:01:34]} Rb8 {[%emt 0:00:27]} 9. d5 {[%emt 0:00:25]} Nxd5 {[%emt 0:02:39]} 10. cxd5 {[%emt 0:00:32]} Bxc3 {[%emt 0:00:12]} 11. Bh6 {[%emt 0:00:13]} Ne5 {[%emt 0:00:25]} 12. Bxf8 {[%emt 0:00:29]} Bxa1 {[%emt 0:02:12]} 13. Bxe7 {[%emt 0:00:05]} Qxe7 {[%emt 0:00:20]} 14. Qxa1 {[%emt 0:00:02]} Nxf3+ {[%emt 0:05:15]} 15. Bxf3 {[%emt 0:00:07]} Bd7 {[%emt 0:00:30]} 16. Rc1 {[%emt 0:00:07]} Rc8 {[%emt 0:00:55]} 17. Rc4 {[%emt 0:01:35]} c5 {[%emt 0:07:39]} 18. dxc6 {[%emt 0:00:12]} bxc6 {[%emt 0:00:53]} 19. Ra4 {[%emt 0:10:08]} c5 {[%emt 0:11:29]} 20. Rxa6 {[%emt 0:00:27]} Bb5 {[%emt 0:01:56]} 21. Rb6 {[%emt 0:00:20]} Bxe2 {[%emt 0:00:36]} 22. Bxe2 {[%emt 0:00:38]} Qxe2 {[%emt 0:00:06]} 23. Rxd6 {[%emt 0:00:05]} c4 {[%emt 0:00:35]} 24. bxc4 {[%emt 0:12:10]} Qxc4 {[%emt 0:00:15]} 25. a4 {[%emt 0:00:27]} Qb4 {[%emt 0:02:47]} 26. Rd1 {[%emt 0:14:26]} Qa5 {[%emt 0:02:32]} 27. Qd4 {[%emt 0:00:44]} Ra8 {[%emt 0:00:30]} 28. Rb1 {[%emt 0:03:08]} Rd8 {[%emt 0:07:56]} 29. Qe4 {[%emt 0:01:17]} Qc3 {[%emt 0:08:33]} 30. Kg2 {[%emt 0:02:02]} Kg7 {[%emt 0:04:35]} 31. h4 {[%emt 0:05:51]} h5 {[%emt 0:01:58]} 32. Re1 {[%emt 0:02:19]} Kg8 {[%emt 0:09:28]} 33. Re3 {[%emt 0:00:21]} Qa5 {[%emt 0:02:45]} 34. Qc6 {[%emt 0:02:32]} Rd4 {[%emt 0:06:54]} 35. Re4 {[%emt 0:05:15]} Rxe4 {[%emt 0:03:12]} 36. Qxe4 {[%emt 0:00:04]} Kf8 {[%emt 0:02:15]} 37. Qc6 {[%emt 0:02:44]} Kg7 {[%emt 0:00:16]} 38. Qb5 {[%emt 0:00:24]} Qa8+ {[%emt 0:00:02]} 39. Kg1 {[%emt 0:00:12]} Qe4 {[%emt 0:00:32]} 40. a5 {[%emt 0:00:34]} Qe1+ {[%emt 0:00:08]} 41. Kg2 {[%emt 0:00:02]} Qe4+ {[%emt 0:00:33]} 42. Kh2 {[%emt 0:00:09]} Qd4 {[%emt 0:01:00]} 43. Qb6 {[%emt 0:00:11]} Qe4 {[%emt 0:00:44]} 44. a6 {[%emt 0:00:22]} Qe2 {[%emt 0:01:09]} 45. a7 {[%emt 0:00:51]} Qa2 {[%emt 0:01:33]} 46. Kg1 {[%emt 0:00:10]} Qd5 {[%emt 0:02:08]} 47. Qb8 {[%emt 0:00:46]} 1-0

[Event "VIII Lorca Open-A 2019"]
[Site "Lorca"]
[Date "2019.12.28"]
[Round "5.9"]
[White "Pogorelov, Ruslan"]
[Black "Harutyunian, Tigran K."]
[Result "1/2-1/2"]
[WhiteElo "2377"]
[BlackElo "2540"]
[Annotator "ChessBase"]
[PlyCount "141"]
[EventDate "2019.12.26"]
[EventType "swiss"]
[EventCountry "ESP"]
[SourceTitle "playchess.com"]
[Source "ChessBase"]
[SourceQuality "1"]
[TimeControl "5400+30"]

1. Nf3 {[%emt 0:07:45]} Nf6 {[%emt 0:00:00]} 2. c4 {[%emt 0:00:08]} d6 {[%emt 0:00:15]} 3. d4 {[%emt 0:00:14]} g6 {[%emt 0:00:12]} 4. Nc3 {[%emt 0:00:55]} Bf5 {[%emt 0:00:14]} 5. Qb3 {[%emt 0:01:46]} b6 {[%emt 0:00:24]} 6. e3 {[%emt 0:06:58]} Bg7 {[%emt 0:01:17]} 7. Be2 {[%emt 0:00:16]} O-O {[%emt 0:01:54]} 8. O-O {[%emt 0:00:09]} Nc6 {[%emt 0:03:29]} 9. Rd1 {[%emt 0:06:08]} Qc8 {[%emt 0:05:52]} 10. Bd2 {[%emt 0:08:31]} Re8 {[%emt 0:01:36]} 11. Be1 {[%emt 0:00:58]} e5 {[%emt 0:03:21]} 12. dxe5 {[%emt 0:02:55]} dxe5 {[%emt 0:00:06]} 13. Qa4 {[%emt 0:06:22]} Qb7 {[%emt 0:05:05]} 14. Rac1 {[%emt 0:06:18]} Nd7 {[%emt 0:01:33]} 15. Nd5 {[%emt 0:48:07]} Nc5 {[%emt 0:01:20]} 16. Qa3 {[%emt 0:00:00]} a5 {[%emt 0:00:07]} 17. b3 {[%emt 0:00:00]} Nb4 {[%emt 0:07:56]} 18. Nxb4 {[%emt 0:01:30]} axb4 19. Qb2 Bd3 20. Qd2 {[%emt 0:00:00]} Red8 {[%emt 0:01:09]} 21. Bxd3 Nxd3 {[%emt 0:05:08]} 22. Rc2 {[%emt 0:00:59]} c5 {[%emt 0:02:56]} 23. Qe2 {[%emt 0:00:33]} e4 {[%emt 0:00:06]} 24. Ng5 {[%emt 0:00:47]} h6 {[%emt 0:01:53]} 25. Nh3 {[%emt 0:00:10]} g5 {[%emt 0:00:04]} 26. f3 {[%emt 0:00:49]} exf3 {[%emt 0:00:55]} 27. Qxf3 {[%emt 0:00:41]} Qxf3 {[%emt 0:04:20]} 28. gxf3 {[%emt 0:00:03]} Nxe1 {[%emt 0:00:54]} 29. Rxe1 {[%emt 0:00:04]} Bc3 {[%emt 0:00:08]} 30. Ree2 {[%emt 0:00:26]} Rd1+ {[%emt 0:52:46]} 31. Kg2 f5 {[%emt 0:00:00]} 32. f4 {[%emt 0:01:24]} g4 {[%emt 0:00:00]} 33. Nf2 {[%emt 0:00:03]} Ra1 {[%emt 0:00:00]} 34. e4 {[%emt 0:00:13]} h5 {[%emt 0:00:00]} 35. exf5 {[%emt 0:00:07]} Kf7 {[%emt 0:00:00]} 36. h3 {[%emt 0:02:41]} gxh3+ {[%emt 0:00:00]} 37. Kxh3 {[%emt 0:00:00]} Kf6 {[%emt 0:00:00]} 38. Ne4+ {[%emt 0:00:00]} Kxf5 {[%emt 0:00:00]} 39. Nxc3 {[%emt 0:00:00]} bxc3 {[%emt 0:04:30]} 40. Rxc3 {[%emt 0:00:00]} R8xa2 {[%emt 0:00:00]} 41. Rxa2 {[%emt 0:00:32]} Rxa2 {[%emt 0:00:00]} 42. Re3 {[%emt 0:00:50]} Rb2 {[%emt 0:00:00]} 43. Kg3 {[%emt 0:00:25]} h4+ {[%emt 0:00:00]} 44. Kxh4 {[%emt 0:00:47]} Kxf4 {[%emt 0:00:00]} 45. Rh3 {[%emt 0:00:25]} Rg2 {[%emt 0:00:00]} 46. Rh1 {[%emt 0:00:31]} Rg3 {[%emt 0:03:30]} 47. Kh5 {[%emt 0:00:50]} Ke4 {[%emt 0:00:00]} 48. Rb1 {[%emt 0:01:05]} Re3 {[%emt 0:00:00]} 49. Kg4 Kd3 {[%emt 0:01:30]} 50. Kf4 {[%emt 0:01:35]} Kc2 {[%emt 0:00:00]} 51. Rh1 {[%emt 0:00:00]} Rxb3 {[%emt 0:00:00]} 52. Ke5 {[%emt 0:00:04]} Kc3 {[%emt 0:00:00]} 53. Kd5 Kb4 {[%emt 0:02:00]} 54. Rc1 {[%emt 0:01:56]} Rd3+ {[%emt 0:00:00]} 55. Kc6 {[%emt 0:00:00]} Rc3 {[%emt 0:00:00]} 56. Rb1+ {[%emt 0:00:00]} Kxc4 {[%emt 0:00:00]} 57. Kxb6 {[%emt 0:00:00]} Rc2 {[%emt 0:00:00]} 58. Kc6 {[%emt 0:00:02]} Rc3 {[%emt 0:00:00]} 59. Kb6 {[%emt 0:00:02]} Kd3 {[%emt 0:00:00]} 60. Kb5 {[%emt 0:02:56]} Kc2 {[%emt 0:00:00]} 61. Rh1 {[%emt 0:00:00]} Kb2 {[%emt 0:00:00]} 62. Rh8 {[%emt 0:00:00]} c4 {[%emt 0:00:00]} 63. Kb4 {[%emt 0:00:00]} Rc2 {[%emt 0:00:00]} 64. Rh3 {[%emt 0:00:00]} c3 {[%emt 0:00:00]} 65. Rg3 {[%emt 0:00:00]} Rc1 {[%emt 0:00:00]} 66. Rh3 {[%emt 0:00:00]} Rc2 {[%emt 0:00:00]} 67. Rg3 {[%emt 0:00:12]} Rc1 {[%emt 0:00:00]} 68. Rh3 {[%emt 0:00:08]} c2 {[%emt 0:00:00]} 69. Rb3+ {[%emt 0:00:08]} Ka2 {[%emt 0:00:00]} 70. Ra3+ {[%emt 0:00:10]} Kb2 {[%emt 0:00:00]} 71. Rb3+ {[%emt 0:00:08]} 1/2-1/2

[Event "VIII Lorca Open-A 2019"]
[Site "Lorca"]
[Date "2019.12.28"]
[Round "5.10"]
[White "Manu David Suthandram R"]
[Black "Sosa, Tomas"]
[Result "1/2-1/2"]
[WhiteElo "2369"]
[BlackElo "2520"]
[Annotator "ChessBase"]
[PlyCount "41"]
[EventDate "2019.12.26"]
[EventType "swiss"]
[EventCountry "ESP"]
[SourceTitle "playchess.com"]
[Source "ChessBase"]
[SourceQuality "1"]
[TimeControl "5400+30"]

1. e4 {[%emt 0:03:12]} e5 {[%emt 0:00:23]} 2. Nf3 {[%emt 0:00:07]} Nc6 {[%emt 0:00:09]} 3. Bc4 {[%emt 0:00:05]} Nf6 {[%emt 0:00:16]} 4. O-O {[%emt 0:00:05]} Bc5 {[%emt 0:05:50]} 5. d4 {[%emt 0:00:06]} Bxd4 {[%emt 0:03:54]} 6. Nxd4 {[%emt 0:00:07]} Nxd4 {[%emt 0:00:04]} 7. f4 {[%emt 0:00:07]} d6 {[%emt 0:00:10]} 8. fxe5 {[%emt 0:00:05]} dxe5 {[%emt 0:00:04]} 9. Bg5 {[%emt 0:00:06]} Be6 {[%emt 0:01:52]} 10. Na3 {[%emt 0:00:05]} Qe7 {[%emt 0:03:51]} 11. c3 {[%emt 0:00:21]} Bxc4 {[%emt 0:00:27]} 12. Bxf6 {[%emt 0:00:14]} gxf6 {[%emt 0:01:11]} 13. Nxc4 {[%emt 0:00:05]} Ne6 {[%emt 0:00:33]} 14. Kh1 {[%emt 0:03:21]} Qc5 {[%emt 0:10:05]} 15. Qb3 {[%emt 0:06:57]} O-O-O {[%emt 0:02:13]} 16. Rxf6 {[%emt 0:06:18]} Nf4 {[%emt 0:13:58]} 17. Rf1 {[%emt 0:00:14]} Rhg8 {[%emt 0:02:52]} 18. Nxe5 {[%emt 0:18:20]} Rxg2 {[%emt 0:15:08]} 19. Qxf7 {[%emt 0:06:42]} Qf2 {[%emt 0:21:38]} 20. Qe6+ {[%emt 0:01:02]} Nxe6 {[%emt 0:00:02]} 21. R6xf2 {[%emt 0:02:56]} 1/2-1/2

[Event "VIII Lorca Open-A 2019"]
[Site "Lorca"]
[Date "2019.12.28"]
[Round "5.11"]
[White "Hernandez Leon, Alberto"]
[Black "Klekowski, Maciej"]
[Result "0-1"]
[WhiteElo "2277"]
[BlackElo "2514"]
[Annotator "ChessBase"]
[PlyCount "84"]
[EventDate "2019.12.26"]
[EventType "swiss"]
[EventCountry "ESP"]
[SourceTitle "playchess.com"]
[Source "ChessBase"]
[SourceQuality "1"]
[TimeControl "5400+30"]

1. d4 {[%emt 1:30:30]} f5 {[%emt 1:30:30]} 2. Nf3 {[%emt 0:00:30]} Nf6 {[%emt 0:00:30]} 3. Bf4 {[%emt 0:00:30]} g6 {[%emt 0:00:30]} 4. e3 {[%emt 0:00:30]} Bg7 {[%emt 0:00:30]} 5. Bc4 {[%emt 0:00:30]} e6 {[%emt 0:00:30]} 6. h3 {[%emt 0:00:30]} d6 {[%emt 0:00:30]} 7. Nc3 {[%emt 0:00:30]} Qe7 {[%emt 0:00:30]} 8. Qe2 {[%emt 0:00:30]} Nc6 {[%emt 0:00:30]} 9. O-O {[%emt 0:00:30]} O-O {[%emt 0:00:30]} 10. Rfe1 {[%emt 0:00:30]} Ne4 {[%emt 0:00:30]} 11. Bh2 {[%emt 0:00:30]} Nxc3 {[%emt 0:00:30]} 12. bxc3 {[%emt 0:00:30]} Na5 {[%emt 0:00:30]} 13. Bb3 {[%emt 0:00:30]} Kh8 {[%emt 0:00:30]} 14. e4 {[%emt 0:00:30]} f4 {[%emt 0:00:30]} 15. e5 {[%emt 0:00:30]} d5 {[%emt 0:00:30]} 16. c4 {[%emt 0:00:30]} c6 {[%emt 0:00:30]} 17. Qd2 {[%emt 0:00:30]} Nxb3 {[%emt 0:00:30]} 18. cxb3 {[%emt 0:00:30]} g5 {[%emt 0:00:30]} 19. a3 {[%emt 0:00:30]} h6 {[%emt 0:00:30]} 20. Qb4 {[%emt 0:00:30]} Qe8 {[%emt 0:00:30]} 21. cxd5 {[%emt 0:00:30]} cxd5 {[%emt 0:00:30]} 22. Rac1 {[%emt 0:00:30]} Rf7 {[%emt 0:00:30]} 23. Qc3 {[%emt 0:00:30]} Bf8 {[%emt 0:00:30]} 24. a4 {[%emt 0:00:30]} a5 {[%emt 0:00:30]} 25. Qd3 {[%emt 0:00:30]} Kg7 {[%emt 0:00:30]} 26. Rc2 {[%emt 0:00:30]} b6 {[%emt 0:00:30]} 27. Rec1 {[%emt 0:00:30]} Ba6 {[%emt 0:00:30]} 28. Qd1 {[%emt 0:00:30]} Ba3 {[%emt 0:00:30]} 29. Ra1 {[%emt 0:00:30]} Bb4 {[%emt 0:00:30]} 30. h4 {[%emt 0:00:30]} Qe7 {[%emt 0:00:30]} 31. Rc6 {[%emt 0:00:30]} g4 {[%emt 0:00:30]} 32. Ne1 {[%emt 0:00:30]} h5 {[%emt 0:00:30]} 33. Nd3 {[%emt 0:00:30]} Raf8 {[%emt 0:00:30]} 34. Rxb6 {[%emt 0:00:30]} g3 {[%emt 0:00:30]} 35. Rxa6 {[%emt 0:00:30]} Qxh4 {[%emt 0:00:30]} 36. Rxe6 {[%emt 0:00:30]} Qxh2+ {[%emt 0:00:30]} 37. Kf1 f3 {[%emt 0:00:30]} 38. gxf3 {[%emt 0:01:00]} Qh1+ {[%emt 0:00:30]} 39. Ke2 {[%emt 0:00:30]} Qxf3+ {[%emt 0:00:30]} 40. Kf1 {[%emt 0:00:30]} Qh1+ {[%emt 0:00:30]} 41. Ke2 {[%emt 0:00:30]} Rxf2+ {[%emt 0:00:30]} 42. Nxf2 {[%emt 0:00:30]} Rxf2+ {[%emt 0:00:30]} 0-1